000 nam a22 7a 4500
999 _c7722
_d7722
008 171003b xxu||||| |||| 00| 0 eng d
100 _aDeepaand Company
_94206
245 _aMaster Mathematics
_bas per N C E R T new syllabus
260 _aNew Delhi
_bN C E R T